Online Catalogue and eLibrary

May You be the Mother of a Hundred Sons : (Record no. 5704)

MARC details
000 -LEADER
fixed length control field 00488nam a2200181Ia 4500
005 - DATE AND TIME OF LATEST TRANSACTION
control field 20241029032548.0
008 - FIXED-LENGTH DATA ELEMENTS--GENERAL INFORMATION
fixed length control field 240331s9999 xx 000 0 und d
020 ## - INTERNATIONAL STANDARD BOOK NUMBER
ISBN 0140156712
082 ## - DDC Classification
Item Number - Author Mark BUM
Class No. 823
100 ## - MAIN ENTRY--PERSONAL NAME
Personal name Bumiller,E
245 #0 - TITLE STATEMENT
Title May You be the Mother of a Hundred Sons :
Remainder of title A journey among the Women of India
260 ## - PUBLICATION, DISTRIBUTION, ETC.
Place of publication, distribution, etc. New Delhi
Name of publisher, distributor, etc. Penguin Books India ( Pvt0 Ltd
Date of publication, distribution, etc. 1991
300 ## - PHYSICAL DESCRIPTION
Extent (e.g. Volumes, Pages etc.) x, 306 p .,
650 ## - SUBJECT ADDED ENTRY--TOPICAL TERM
Topical term or geographic name entry element Women
650 ## - SUBJECT ADDED ENTRY--TOPICAL TERM
Topical term or geographic name entry element Sexual
650 ## - SUBJECT ADDED ENTRY--TOPICAL TERM
Topical term or geographic name entry element Religion
942 ## - Koha item type (Biblio)
Koha item type Books in Stacks (Lending)
Holdings
Lost status Damaged status Collection code Home library Current library Shelving location Date acquired Full call number Accession Number Item type
    Lending WERC Library WERC Library Social Science Cupboard 03/31/2024 823 BUM 6643 Books in Stacks (Lending)

© WERC Library